000 00759 a2200205 4500
001 39014
005 20260407155649.0
008 260407a1978 arg spa d
003 AR-UNSa-BCEJYS
040 _aAR-UNSa-BCEJYS
_bspa
_cAR-UNSa-BCEJYS
080 _a(038)33
_xDiccionario de Economía
245 1 0 _aVocabulario económico
_pEstadísticas argentinas y mundiales. Doctrinas. Escuelas. Historia
264 1 _aBuenos Aires :
_bA-Z Editora
_c1978
300 _a281 p.
_c23 cm.
505 _a1. Vocabulario económico - 2. Datos estadísticos argentinos - 3. Datos estadísticos mundiales - 4. Textos legales nacionales de la materia
041 _aspa
942 _cBK
590 _aniveau_biblio:m niveau_hierar:0
100 1 _aPereira Pinto, Juan Carlos
999 _c2943
_d2943